000 00718nam a22002177a 4500
003 OSt
005 20230127100415.0
008 221006b |||||||| |||| 00| 0 eng d
040 _cBiblioteca Lado V
082 _a730
_bS194v
100 _eescultura
245 _aVariaciones Escultóricas/
260 _bMRM Soluciones Gráficas
_c2001
_aCosta Rica
300 _a32p.
_c23x26cm
505 _tPreface
_tPlates
_tAnnotation
650 _2Tesauro de Arte & Arquitectura
_aARTE
650 _2Tesauro de Arte & Arquitectura
_aESCULTURA
650 _2Tesauro de Arte & Arquitectura
_aARTE COSTARRICENSE
650 _2Tesauro de Arte & Arquitectura
_aCOSTA RICA
942 _2ddc
_c1
_h730
_iS194v
_n0
999 _c2955
_d2955